000 01113nam a22003017a 4500
001 9610
003 FISKH
005 20260126104457.0
008 260126b cb ||||| |||| 00| 0 eng d
020 _a9781408855683
040 _aFISKH
_beng
_cFISKH
_dFISKH
050 _aPR1
082 _a823.08766
100 _aRowling , J. K.
245 _aHarry Potter and the Goblet of fire /
_cBy J. K. Rowling
260 _aLondon :
_bBloomsbury Children's Books ,
_c2000.
300 _a616 pages :
_billustrations ;
_c20 cm .
490 _aHarry Potter
_v4
505 _aW
520 _aHarry Potter, a fourth-year student at Hogwarts School of Witchcraft and Wizardry, longs to escape his hateful relatives, the Dursleys, and live as a normal fourteen-year-old wizard, but what Harry does not yet realize is that he is not a normal wizard, and in his case, different can be deadly.
521 8 _a880
_bLexile
521 8 _aW
_bRaz-Plus
650 _aWizards
_vFiciton
650 _aYoung Adults
_vFiciton
700 _aJonny , Duddle
_eIllustrator
942 _2ddc
_cBK
_n0
999 _c9610
_d9610